[Event "Moscow VAO IM 12"]
[Site "Moscow"]
[Date "2013.12.10"]
[Round "8"]
[White "Bagirov, Rufat"]
[Black "Novakhatskiy, Stanislav A"]
[Result "1-0"]
[WhiteElo "2461"]
[BlackElo "2038"]
[PlyCount "55"]
[EventDate "2013.12.07"]
[EventType "tourn"]
[EventRounds "9"]
[EventCountry "RUS"]
[EventCategory "5"]
[SourceTitle "CBM 158 Extra"]
[Source "ChessBase"]
[SourceDate "2014.02.28"]
[SourceVersion "1"]
[SourceVersionDate "2014.02.28"]
[SourceQuality "1"]

1. d4 d5 2. Nf3 Nf6 3. c4 c6 4. Nc3 e6 5. cxd5 exd5 6. Bg5 Be7 7. e3 Bf5 8. Qb3 Qb6 9. Be2 Nbd7 10. 0-0 Qxb3 11. axb3 Ne4 12. Bxe7 Kxe7 13. b4 a6 14. Nxe4 Bxe4 15. Nd2 Bf5 16. Nb3 Kd6 17. Rfc1 Kc7 18. h4 Kb6 19. f3 h5 20. Kf2 Rae8 21. Na5 Nf8 22. Bxa6 Kxa6 23. Nc4+ Kb5 24. Nd6+ Kxb4 25. Nxe8 Ng6 26. Nd6 Bc8 27. Ra8 Ne7 28. Nxb7 1-0